[Event "GER-ch U18 Girls"]
[Site "Oberhof"]
[Date "2010.05.26"]
[Round "6"]
[White "Bochis, Julia"]
[Black "Endress, Anna"]
[Result "1-0"]
[WhiteElo "2086"]
[BlackElo "2107"]
[PlyCount "77"]
[EventDate "2010.05.22"]
[EventType "swiss"]
[EventRounds "9"]
[EventCountry "GER"]
[SourceTitle "CBM 136 Extra"]
[Source "ChessBase"]
[SourceDate "2010.07.02"]
[SourceVersion "2"]
[SourceVersionDate "2010.07.15"]
[SourceQuality "1"]

1. e4 c5 2. Nf3 e6 3. d4 cxd4 4. Nxd4 a6 5. c4 Nf6 6. Nc3 Bb4 7. Bd3 Nc6 8. Nxc6 dxc6 9. a3 Bc5 10. 0-0 e5 11. Ne2 0-0 12. b4 Be7 13. Bb2 Qc7 14. Qc2 h6 15. Qc3 Nd7 16. Ng3 Re8 17. Nf5 Bf6 18. c5 Nf8 19. Nd6 Re7 20. Bc4 b5 21. Bb3 Ne6 22. Nxc8 Qxc8 23. Rad1 Raa7 24. Bxe6 Rxe6 25. Rd3 a5 26. Rfd1 axb4 27. axb4 Qa6 28. Ra1 Qb7 29. Rxa7 Qxa7 30. Qa3 Re7 31. Qxa7 Rxa7 32. Ba3 Kf8 33. Kf1 Ke7 34. Ke2 Rd7 35. Rxd7+ Kxd7 36. Bc1 Ke6 37. Kd3 Be7 38. Be3 Bf8 39. g3 1-0

[Event "GER-ch U18 Girls"]
[Site "Oberhof"]
[Date "2010.05.25"]
[Round "4"]
[White "Dorn, Carina"]
[Black "Bochis, Julia"]
[Result "0-1"]
[WhiteElo "1869"]
[BlackElo "2086"]
[PlyCount "72"]
[EventDate "2010.05.22"]
[EventType "swiss"]
[EventRounds "9"]
[EventCountry "GER"]
[SourceTitle "CBM 136 Extra"]
[Source "ChessBase"]
[SourceDate "2010.07.02"]
[SourceVersion "2"]
[SourceVersionDate "2010.07.15"]
[SourceQuality "1"]

1. d4 Nf6 2. c4 c5 3. d5 e6 4. Nc3 exd5 5. cxd5 d6 6. e4 g6 7. Nf3 Bg7 8. h3 a6 9. a4 Nbd7 10. Bf4 Qe7 11. Bd3 0-0 12. 0-0 Ne8 13. Qc2 Nc7 14. Nd2 Ne5 15. Bh2 g5 16. Nc4 Nxc4 17. Bxc4 Bd7 18. f4 b5 19. axb5 axb5 20. Rxa8 Rxa8 21. Be2 b4 22. Nd1 gxf4 23. Bxf4 Nb5 24. Bxb5 Bxb5 25. Rf3 Kh8 26. Ne3 Ra1+ 27. Kh2 Be5 28. Nf5 Bxf4+ 29. Rxf4 Qe5 30. Qd2 Rf1 31. g3 Rxf4 32. gxf4 Qf6 33. h4 Bd7 34. Ng3 Qxh4+ 35. Kg2 Qh3+ 36. Kf3 Bg4+ 0-1

[Event "GER-ch U18 Girls"]
[Site "Oberhof"]
[Date "2010.05.24"]
[Round "3"]
[White "Nguyen Minh, Thuy"]
[Black "Bochis, Julia"]
[Result "1-0"]
[WhiteElo "1895"]
[BlackElo "2086"]
[PlyCount "109"]
[EventDate "2010.05.22"]
[EventType "swiss"]
[EventRounds "9"]
[EventCountry "GER"]
[SourceTitle "CBM 136 Extra"]
[Source "ChessBase"]
[SourceDate "2010.07.02"]
[SourceVersion "2"]
[SourceVersionDate "2010.07.15"]
[SourceQuality "1"]

1. e4 c5 2. Nf3 e6 3. d4 cxd4 4. Nxd4 Nc6 5. Nc3 Qc7 6. Be3 a6 7. Be2 Nf6 8. a3 Be7 9. f4 0-0 10. Qd2 d6 11. g4 Nxd4 12. Qxd4 e5 13. Qd1 exf4 14. Bxf4 Be6 15. g5 Nd7 16. Qd2 Ne5 17. 0-0-0 Rab8 18. h4 b5 19. h5 Qb7 20. Nd5 Bxd5 21. Qxd5 Rfe8 22. Rhg1 Bf8 23. Rg3 Re6 24. Rb3 Qxd5 25. Rxd5 Nc6 26. Bf3 Na5 27. Rbd3 Nc4 28. b3 Ne5 29. Bxe5 Rxe5 30. Kb2 Be7 31. Rxe5 dxe5 32. Rd7 Bxg5 33. Ra7 g6 34. Rxa6 Kg7 35. a4 bxa4 36. Rxa4 Be7 37. Ra6 f5 38. Re6 Bf6 39. hxg6 hxg6 40. c3 Rd8 41. Kc2 Kf7 42. Ra6 Bg5 43. b4 Rd2+ 44. Kb3 Rf2 45. Bh1 Rh2 46. Ra1 f4 47. b5 Bd8 48. Kc4 Ke6 49. Bf3 Rh4 50. Ra6+ Kf7 51. b6 g5 52. b7 Bc7 53. Rc6 Bb8 54. Rc8 Ba7 55. Ra8 1-0

[Event "Oberliga Baden 0910"]
[Site "Germany"]
[Date "2010.04.11"]
[Round "9.8"]
[White "Vidonyak, Nellya"]
[Black "Bochis, Julia"]
[Result "1-0"]
[WhiteElo "2175"]
[BlackElo "2085"]
[PlyCount "115"]
[EventDate "2009.10.18"]
[EventType "team-tourn"]
[EventRounds "9"]
[EventCountry "GER"]
[SourceTitle "EXT 2011"]
[Source "ChessBase"]
[SourceDate "2010.11.26"]
[SourceVersion "1"]
[SourceVersionDate "2010.11.26"]
[SourceQuality "1"]
[WhiteTeam "Hockenheim"]
[BlackTeam "Baden-Baden III"]
[WhiteTeamCountry "GER"]
[BlackTeamCountry "GER"]

1. d4 Nf6 2. Nf3 g6 3. Nbd2 d5 4. b4 Bg7 5. e3 0-0 6. Bb2 c6 7. c4 a5 8. b5 a4 9. Ba3 Bf5 10. Rc1 cxb5 11. cxb5 Qa5 12. Be2 Ne4 13. Bb2 Nd7 14. 0-0 Ndf6 15. Nxe4 Nxe4 16. Qe1 Bd7 17. Ba3 Bxb5 18. Qxa5 Rxa5 19. Bxb5 Rxb5 20. Bxe7 Re8 21. Ba3 Bf8 22. Bxf8 Kxf8 23. Rc2 a3 24. Rfc1 Rb2 25. Ne5 f6 26. Nd3 Rxc2 27. Rxc2 Re6 28. f3 Nd6 29. Kf2 Nf5 30. Rc8+ Kf7 31. Rc7+ Re7 32. Rxe7+ Nxe7 33. Nb4 f5 34. Nc2 Nc6 35. Nxa3 Nb4 36. Nb5 Nxa2 37. Nd6+ Ke6 38. Nxb7 Nb4 39. Nc5+ Kd6 40. Ke2 Nc2 41. Nd3 Na3 42. Ne5 Ke6 43. Kd3 Nb5 44. Nc6 Nd6 45. Nb4 g5 46. Na6 g4 47. Nc7+ Kf7 48. fxg4 fxg4 49. Nxd5 h5 50. g3 Kg6 51. e4 Nf7 52. Nf4+ Kg5 53. Ng2 Kf6 54. Ke3 Kg5 55. e5 Kf5 56. Nf4 Ng5 57. Nxh5 Nf3 58. h4 1-0

[Event "Oberliga Baden 0910"]
[Site "Germany"]
[Date "2010.03.21"]
[Round "8.7"]
[White "Greis, Bernhard"]
[Black "Bochis, Julia"]
[Result "1-0"]
[WhiteElo "1987"]
[BlackElo "2085"]
[PlyCount "155"]
[EventDate "2009.10.18"]
[EventType "team-tourn"]
[EventRounds "9"]
[EventCountry "GER"]
[SourceTitle "EXT 2011"]
[Source "ChessBase"]
[SourceDate "2010.11.26"]
[SourceVersion "1"]
[SourceVersionDate "2010.11.26"]
[SourceQuality "1"]
[WhiteTeam "Buchen"]
[BlackTeam "Baden-Baden III"]
[WhiteTeamCountry "GER"]
[BlackTeamCountry "GER"]

1. d4 Nf6 2. Bf4 g6 3. Nf3 Bg7 4. e3 0-0 5. Bd3 d5 6. Nbd2 Nbd7 7. 0-0 Nh5 8. Bg5 c5 9. c3 b6 10. e4 dxe4 11. Bxe4 Rb8 12. Re1 Nhf6 13. Bf4 Nxe4 14. Nxe4 Rb7 15. Qc2 cxd4 16. Nxd4 e5 17. Nc6 Qc7 18. Ne7+ Kh8 19. Nxc8 Rxc8 20. Bd2 Nc5 21. Rad1 Qc6 22. Bc1 Rd7 23. Rxd7 Qxd7 24. Rd1 Qf5 25. f3 h5 26. Qe2 Nxe4 27. Qxe4 Qxe4 28. fxe4 Rc4 29. Rd7 Rxe4 30. Kf2 Ra4 31. Rxf7 Rxa2 32. Ke2 b5 33. Rb7 a6 34. Rb6 Kh7 35. Kd3 Ra4 36. Re6 Ra1 37. Be3 Ra2 38. Bc1 Ra1 39. Be3 Ra4 40. h3 Ra1 41. Kc2 Re1 42. Kd2 Ra1 43. Kc2 Ra4 44. Kd3 b4 45. c4 e4+ 46. Kc2 a5 47. Kb3 Ra1 48. Rxe4 Rb1 49. Bd4 Bf8 50. Kc2 Rf1 51. c5 Bh6 52. Re7+ Kg8 53. Re6 Kf7 54. Ra6 Rc1+ 55. Kb3 Bd2 56. Rxa5 Ke6 57. Ra6+ Kd5 58. Rd6+ Ke4 59. Bf2 Bf4 60. Rxg6 Rf1 61. Bh4 Kd5 62. Kxb4 Be5 63. Be7 Bxb2 64. Rg5+ Kc6 65. Rxh5 Re1 66. Rh6+ Kd7 67. Bd6 Re2 68. Kb5 Rxg2 69. c6+ Kc8 70. Re6 Rg8 71. h4 Rh8 72. h5 Rxh5+ 73. Ka6 Rh8 74. Re3 Rd8 75. Bg3 Rd5 76. Re8+ Rd8 77. Rxd8+ Kxd8 78. Kb7 1-0